Statistics for Guess the Cuisine

Click here to take the quiz!

General Stats

  • This quiz has been taken 55 times
  • The average score is 11 of 14

Answer Stats

Answer % Correct
Japanese
100%
American
100%
Mexican
98%
French
98%
Italian
96%
Chinese
96%
Indian
94%
German
92%
Greek
85%
Thai
77%
Korean
55%
Russian
55%
Polish
43%
Filipino
17%

Score Distribution

Percentile by Number Answered

Percent of People with Each Score

Your Score History

You have not taken this quiz